A reform of nursing education : (Record no. 127118)

MARC details
000 -LEADER
fixed length control field 00692nam a22002057a 4500
005 - DATE AND TIME OF LATEST TRANSACTION
control field 20170124110020.0
010 ## - LIBRARY OF CONGRESS CONTROL NUMBER
LC control number A-835053
020 ## - INTERNATIONAL STANDARD BOOK NUMBER
Terms of availability 00.00
035 ## - SYSTEM CONTROL NUMBER
System control number A-835053
037 ## - SOURCE OF ACQUISITION
Source of stock number/acquisition Cen Lib/Ret
040 ## - CATALOGING SOURCE
Original cataloging agency DPL
Language of cataloging EN
082 ## - DEWEY DECIMAL CLASSIFICATION NUMBER
Classification number 610.7306
Item number REF
245 ## - TITLE STATEMENT
Title A reform of nursing education :
Remainder of title first report of a special committee on nurse education /
260 ## - PUBLICATION, DISTRIBUTION, ETC. (IMPRINT)
Place of publication, distribution, etc London
Name of publisher, distributor, etc The Royal College of Nursing and National Council of Nurses of the U.K
Date of publication, distribution, etc 1964
270 ## - ADDRESS
City London
Address Henrietta Place, Cavendish Square
300 ## - PHYSICAL DESCRIPTION
Extent ix,57p. :
Dimensions 22cm(Hb)
650 ## - SUBJECT ADDED ENTRY--TOPICAL TERM
Topical term or geographic name as entry element The means of reform.
9 (RLIN) 19460
650 ## - SUBJECT ADDED ENTRY--TOPICAL TERM
Topical term or geographic name as entry element Education of the nurse.
9 (RLIN) 19461
942 ## - ADDED ENTRY ELEMENTS (KOHA)
Source of classification or shelving scheme Dewey Decimal Classification
Koha item type English Books
Classification part 610.7306
Call number suffix REF
Holdings
Withdrawn status Lost status Damaged status Not for loan Home library Current library Date acquired Source of acquisition Cost, normal purchase price Total Checkouts Full call number Barcode Date last seen Copy number Cost, replacement price Price effective from Koha item type Public note
Written off       Central Library Central Library 27/06/2015 Cen Lib/Ret 0.00   610.7306 REF A-835053 27/06/2015 1 0.00 27/06/2015 English Books Written off on approval by DLB (By Circulation); dtd 15-06-2023

© Delhi Public Library
Hit Counter
free hit counter